=LDR 00000nam 2200000 4500 =001 INLIS000000000045316 =005 20150119095105.0 =006 =007 =008 =020 ##$$a 978-602-892-74-13 =035 ##$$0010-011500000000142 =040 ##$$a NBPDMAT =082 ##$$a 372.35 =090 ##$$a 372.35 $b Wah w =100 ##$$a Wahyu Setiorini =245 ##$$a Waspada kebakaran / $c Wahyu Setiorini =260 ##$$a Bekasi : $b Aranca Pratama, $c 2013 =300 ##$$a iii, 59 hlm. : $b ilus. ; $c 20 cm. =500 ##$$a Bibliografi : hlm. 50 =650 ##$$a Bahaya Kebakaran =850 ##$$a NBPDMAT